000 00342nam a2200157Ia 4500
100 _aCollette/Andrew
650 _aPython
942 _cBK
366 _f20
654 _apython
245 _aPython and HDF5:Unlocking scientific Data
260 _bOreilly
_c2014
082 _a5.133
_bCOL
300 _a135
546 _aENGLISH
_cInfo.Tech
999 _c34855
_d34855